福建省市辖区 - Statistics

General Stats
  • This quiz has been taken 18 times
  • The average score is 21 of 31
Answers on the Map
Answers color-coded by a green-red scale on the quiz's map according to % correct below.
 
Answer Stats
Answer % Correct
同安区
100%
思明区
92%
海沧区
92%
集美区
92%
三元区
92%
沙县区
92%
鼓楼区
83%
马尾区
83%
长乐区
83%
湖里区
83%
翔安区
83%
鲤城区
75%
蕉城区
75%
仓山区
67%
晋安区
67%
城厢区
67%
丰泽区
67%
泉港区
67%
台江区
58%
涵江区
58%
荔城区
58%
洛江区
58%
芗城区
58%
龙海区
58%
延平区
58%
新罗区
58%
秀屿区
50%
永定区
50%
龙文区
42%
建阳区
42%
长泰区
17%
No matching quizzes found
Score Distribution
Percent of People with Each Score
Percentile by Number Answered
Your Score History
You have not taken this quiz